000 00308nam a22001337a 4500
008 181122b xxu||||| |||| 00| 0 eng d
020 _a9780815137627
041 _aeng
080 _a616.5
100 _a7
101 _aDER
245 _aSkin Disease Diagnosis and Treatment
_cHabif,Th.P
942 _2udc
_cBK
999 _c52342
_d52342